Western (civic) versus Eastern (ethnic) Nationalism. The Origins and Critique of the Dichotomy

Titel: Western (civic) versus Eastern (ethnic) Nationalism. The Origins and Critique of the Dichotomy / Krzysztof Jaskulowski
Verfasser:
In: Polish sociological review, Heft 171 (2010), Seite 289-304
alle Artikel anzeigen
Veröffentlicht: 2010
Format: Aufsatz
Sprache: Englisch
Schlagworte:
Kein Bild verfügbar
X
alg: 47791572
001A    $03025:12-04-21 
001B    $01999:12-04-21 $t22:42:53.000 
001D    $03025:12-04-21 
001U    $0utf8 
001X    $00 
002@    $0Aox 
003@    $0477915728 
007A    $0477915728 $aHEB 
010@    $aeng 
011@    $a2010 
021A    $aWestern (civic) versus Eastern (ethnic) Nationalism. The Origins and Critique of the Dichotomy $hKrzysztof Jaskulowski 
028A    $aJaskulowski $dKrzysztof 
031A    $e171 $g16 $h289-304 $j2010 
039B    $aIn $8--Abvc--. Polish sociological review. - Warszawa : Polskie Towarzystwo Socjologiczne, 1993-. - ISSN 1231-1413 $x201000000000171711 $9048646571 
044K    $RMitteleuropa $RVisegrád-Staaten $ROsteuropa $#Ostmitteleuropa $#Ostmitteleuropa $#Mitteleuropa, Ost $#Central Europe Ostmitteleuropa $#Mittelosteuropa $74075753-5 $8Ostmitteleuropa [Tg1] $9085214485 
044K    $REuropa $#Westeuropa $#Westeuropa $#Europa, West $74079215-8 $8Westeuropa [Tg1] $9085224898 
044K    $RNationalbewegung $RNationalbewusstsein $RPatriotismus $#Nationalism $#Nationalisme $#Nacionalismo $#Nationalismus $#Nationalismus $74041300-7 $8Nationalismus [Ts1] $9085113069 
045T    $a3,4 

lok: 47791572 78

exp: 47791572 78 1 #EPN
201B/01 $012-04-21 $t13:31:46.000 
201C/01 $012-04-21 
201U/01 $0utf8 
203@/01 $01149265329 
208@/01 $a12-04-21 $be 
209A/01 $a/ $f000 $x00 
209A/01 $ab*p $x01 
220C/01 $apgar 
244Z/01 $#Generalgouvernement Polen $#Polska $#Rzeczpospolita Polska $#Polska Rzeczpospolita Ludowa $#Poland $#Pologne $#République Polonaise $#Generalne Gubernatorstwo w Polsce $#Polish People's Republic $#Polska Rzeczpospolita Polen $#PRL $#RP $#Polen Generalgouvernement $#Polska Generalgouvernement $#Besetzte Polnische Gebiete $#Besetztes Gebiet in Polen $#Okupowane Polskie Obszary $#Obszary Okupowane w Polsce $#Volksrepublik Polen $#Polska Rosyjska $#Republic Polen $#Respublika Pol'ša $#Pol'skaja Narodnaja Respublika $#République de Pologne $#Polen Links der Weichsel $#Polska po Lewej Stronie Wisły $#Lenkija $#Polija $#Gubernija Carstva Pol'skago $#Republik Polen $74046496-9 $8--Tg1--Polen $x01 $9085129801 
244Z/01 $#Ostmitteleuropa $#Ostmitteleuropa $#Mitteleuropa, Ost $#Central Europe Ostmitteleuropa $#Mittelosteuropa $74075753-5 $8--Tg1--Ostmitteleuropa $x02 $9085214485 
247C/01 $82080>Marburg/Lahn, Herder-Institut, Forschungsbibliothek, Bibliographieportal $9336309341
LEADER 00000caa a22000002c 4500
001 477915728
003 DE-603
005 20210412224253.0
007 tu
008 210412s2010 xx |||| | u00||u|eng c
035 |a (DE-599)HEB477915728 
040 |a DE-603  |b ger  |c DE-603  |d DE-603 
041 |a eng 
084 |a 3,4  |2 ssgn 
100 1 |a Jaskulowski, Krzysztof 
245 0 0 |a Western (civic) versus Eastern (ethnic) Nationalism. The Origins and Critique of the Dichotomy  |c Krzysztof Jaskulowski 
264 0 |c 2010 
650 7 |a Nationalismus  |0 (DE-588)4041300-7  |0 (DE-603)085113069  |2 gnd 
651 7 |a Ostmitteleuropa  |0 (DE-588)4075753-5  |0 (DE-603)085214485  |2 gnd 
651 7 |a Westeuropa  |0 (DE-588)4079215-8  |0 (DE-603)085224898  |2 gnd 
773 0 8 |i In  |t Polish sociological review  |d Warszawa : Polskie Towarzystwo Socjologiczne, 1993-  |x 1231-1413  |g Heft 171 (2010), Seite 289-304  |w (DE-603)048646571  |w (DE-600)1187982-8 
924 0 |9 2080  |a (DE-603)1149265329  |b DE-2080  |c HES  |d d  |g /